कवि-मनीषी : (Record no. 112895)

MARC details
000 -LEADER
fixed length control field 01123nam a22002537a 4500
005 - DATE AND TIME OF LATEST TRANSACTION
control field 20170124102945.0
010 ## - LIBRARY OF CONGRESS CONTROL NUMBER
LC control number A-611177
020 ## - INTERNATIONAL STANDARD BOOK NUMBER
Terms of availability 30.00
035 ## - SYSTEM CONTROL NUMBER
System control number A-611177
037 ## - SOURCE OF ACQUISITION
Source of stock number/acquisition Cen Lib/Ret
040 ## - CATALOGING SOURCE
Original cataloging agency DPL
Language of cataloging HN
082 ## - DEWEY DECIMAL CLASSIFICATION NUMBER
Classification number 821.08
Item number भट्टटी
100 ## - MAIN ENTRY--PERSONAL NAME
Personal name भट्ट, टी.आर.
9 (RLIN) 73
245 ## - TITLE STATEMENT
Title कवि-मनीषी :
Statement of responsibility, etc टी.आर.भट्ट
Remainder of title विनायक कृष्ण गोकाक /
246 ## - VARYING FORM OF TITLE
Title proper/short title Kavi-maneeshi : Vinayak Krishn Gokaak /
Remainder of title by T.R.Bhatt
260 ## - PUBLICATION, DISTRIBUTION, ETC. (IMPRINT)
Place of publication, distribution, etc नई दिल्ली
Name of publisher, distributor, etc भारतीय ज्ञानपीठ
Date of publication, distribution, etc 1991
270 ## - ADDRESS
City नई दिल्ली
Address 18, इंस्टीटयूशनल एरिया, लोदी रोड
Postal code 110003
300 ## - PHYSICAL DESCRIPTION
Extent xiii,83पृ.
Dimensions 20सेमी (सजिल्द)
650 ## - SUBJECT ADDED ENTRY--TOPICAL TERM
Topical term or geographic name as entry element हिन्दी -- साहित्य
9 (RLIN) 49641
650 ## - SUBJECT ADDED ENTRY--TOPICAL TERM
Topical term or geographic name as entry element हिन्दी -- गोकाक के साहित्य
9 (RLIN) 49642
650 ## - SUBJECT ADDED ENTRY--TOPICAL TERM
Topical term or geographic name as entry element Hindi -- literature
9 (RLIN) 49643
650 ## - SUBJECT ADDED ENTRY--TOPICAL TERM
Topical term or geographic name as entry element Hindi - Gokak's literature
9 (RLIN) 49644
942 ## - ADDED ENTRY ELEMENTS (KOHA)
Source of classification or shelving scheme Dewey Decimal Classification
Koha item type Hindi Books
Classification part 821.08
Call number suffix भट्टटी
Holdings
Withdrawn status Lost status Damaged status Not for loan Home library Current library Date acquired Source of acquisition Cost, normal purchase price Total Checkouts Full call number Barcode Date last seen Copy number Cost, replacement price Price effective from Koha item type
        Central Library Central Library 10/08/2015 Cen Lib/Ret 30.00   821.08 भट्टटी A-611177 10/08/2015 1 30.00 10/08/2015 Hindi Books

© Delhi Public Library
Hit Counter
free hit counter